Comparación del desempeño de los métodos de sintonización de controladores PI y PID basados en criterios integrales
Guardat en:
| Autor principal: | |
|---|---|
| Format: | Llibre |
| Idioma: | Undetermined |
| Publicat: |
[San José, Costa Rica]
2003
|
| Matèries: | |
| Etiquetes: |
Afegir etiqueta
Sense etiquetes, Sigues el primer a etiquetar aquest registre!
|
MARC
| LEADER | 00000nam a2200000Ia 4500 | ||
|---|---|---|---|
| 003 | 009179 | ||
| 005 | 20221231144147.0 | ||
| 008 | 140114s2003 cr a m 000 ||und d | ||
| 040 | |c cru CEDI | ||
| 090 | |a TFG 4720 | ||
| 100 | |a Arrieta Orozco, Orlando |9 5399 | ||
| 245 | |a Comparación del desempeño de los métodos de sintonización de controladores PI y PID basados en criterios integrales | ||
| 260 | |c 2003 |a [San José, Costa Rica] | ||
| 300 | |a x, 92 hojas : ilustraciones (algunas a color) | ||
| 500 | |a Proyecto de graduación (bachillerato en ingeniería eléctrica)--Universidad de Costa Rica. Facultad de Ingeniería. Escuela de Ingeniería Eléctrica. Departamento de Automática | ||
| 650 | |x CONTROL AUTOMATICO |x CONTROLADORES LOGICOS PROGRAMABLES |x CONTROLADORES PID |9 6958 | ||
| 942 | |c TFG | ||
| 999 | |c 17761 |d 17761 | ||
